The Hello! Quiz - Statistics

General Stats
  • This quiz has been taken 29 times
  • The average score is 14 of 22
Answer Stats
Hello Answer % Correct
Hello English
100%
Bonjour French
100%
Guten Tag German
96%
Ciao Italian
91%
Hola Spanish
91%
Ni Hao Chinese
87%
Konnichiwa Japanese
87%
приветствие Russian
87%
مرحبا Arabic
83%
नमस्कार Hindi
74%
Olá Portuguese
74%
Shalom Hebrew
70%
Hallo Dutch
65%
γεια Greek
65%
Hej / Hallå Swedish
57%
Merhaba Turkish
39%
Здравейте Bulgarian
30%
Noroc Romanian
30%
Sawubona Zulu
30%
העלא Yiddish
26%
Nyob Zoo Hmong
17%
Nnọọ Igbo
4%
No matching quizzes found
Score Distribution
Percent of People with Each Score
Percentile by Number Answered
Your Score History
You have not taken this quiz